000 00694nam a2200289Ia 4500
005 20260324130409.0
008 008 260324s9999 xx 000 0 eng d
020 _a9780429478055
037 _aEBOOK
040 _aCRL
040 _beng
040 _cCRL
041 _2eng
041 _aeng
084 _qCRL
100 _aAnn Petts; Bernard Shapley
_91181610
245 0 _aOn Supervision
245 0 _bPsychoanalytic and Jungian Analytic Perspectives
260 _bTaylor and Francis
260 _c2007
365 _a
365 _b220
856 _uhttp://www.taylorfrancis.com/books/9780429478055
942 _cEBOOK
999 _c1777770
_d1777770